[Event "Druzynowe Mistrzostwa Polski Juniorow - Ekstraliga"]
[Site "Osrodek Wczasowo - Szkoleniowy "Relax" ul. Stroma 20, 43-450 Ustron"]
[Date "2011-07-01"]
[Round "7.1"]
[White "Popiol, Michal"]
[Black "Swiercz, Dariusz"]
[Result "0-1"]
[WhiteTitle "II"]
[BlackTitle "GM"]
[WhiteElo "1821"]
[BlackElo "2553"]

1. d4 Nf6 2. c4 e6 3. Nf3 d5 4. Nbd2 c5 5. e3 cxd4 6. Nxd4 Nc6 7. N2f3 Ne4 8. Nxc6
bxc6 9. Qa4 Qb6 10. Bd2 Nxd2 11. Nxd2 Bb4 12. Rd1 O-O 13. a3 Be7 14. b4 a5 15.
Nb3 Bd7 16. c5 Qa7 17. Nxa5 Bxc5 18. Qc2 Rfc8 19. Bd3 h6 20. Ra1 Bd6 21. O-O c5
22. Qd2 cxb4 23. axb4 Qb8 24. b5 Bxh2+ 25. Kh1 Be5 26. Rab1 Bc3 0-1

[Event "Druzynowe Mistrzostwa Polski Juniorow - Ekstraliga"]
[Site "Osrodek Wczasowo - Szkoleniowy "Relax" ul. Stroma 20, 43-450 Ustron"]
[Date "2011-07-01"]
[Round "7.2"]
[White "Wieczorek, Oskar"]
[Black "Tomsia, Kamil"]
[Result "0-1"]
[WhiteTitle "m"]
[BlackTitle "I+"]
[WhiteElo "2383"]
[BlackElo "2090"]

1. e4 c5 2. Nf3 Nc6 3. d4 cxd4 4. Nxd4 Nf6 5. Nc3 d6 6. Bg5 e6 7. Qd2 a6 8. O-O-O
Bd7 9. f3 Be7 10. h4 h6 11. Be3 h5 12. Bg5 Ne5 13. f4 Neg4 14. Qe1 b5 15. e5 b4
16. exf6 gxf6 17. Ne4 fxg5 18. hxg5 d5 19. Nf2 Nxf2 20. Qxf2 Qb6 21. Be2 Bc5 22.
Bxh5 O-O-O 23. g4 Rhf8 24. Kb1 f6 25. gxf6 Rxf6 26. g5 Rff8 27. Qd2 a5 28. Rhe1
a4 29. Bg4 Rde8 30. Nf3 Bf2 31. Ne5 Bxe1 32. Rxe1 Qc5 33. g6 a3 34. b3 Rf6 35.
Nxd7 Kxd7 36. g7 Rg8 37. Qe2 Qc3 38. Bxe6+ Kd8 39. Qe5 Qxe5 40. Rxe5 Rxg7 41.
Kc1 Rxf4 42. Bxd5 Rf2 43. Re1 Kc7 44. Bc4 Rgg2 45. Bd3 Rh2 46. Rg1 Kd6 47. Re1
Kd5 48. Rg1 Rh4 49. Bc4+ Ke5 50. Re1+ Kf4 51. Bd3 Kg3 52. Rg1+ Kf3 53. Re1 Rfh2
54. Kd1 Rd4 55. Kc1 Rg2 56. Rf1+ Rf2 57. Re1 Rg4 58. Kd1 Kf4 59. Re4+ Kg5 60.
Re1 Rfg2 61. Re8 Rg1+ 62. Kd2 Ra1 63. Ke3 Kf6 64. Be2 Rh4 65. Rb8 Rxa2 66. Rb6+
Ke7 67. Kd2 Ra1 68. Ra6 Kd7 69. Ra7+ Kc6 70. Ra6+ Kb7 71. Ra5 Rg1 72. c3 Rh2 73.
Ke3 Rxe2+ 74. Kxe2 a2 0-1

[Event "Druzynowe Mistrzostwa Polski Juniorow - Ekstraliga"]
[Site "Osrodek Wczasowo - Szkoleniowy "Relax" ul. Stroma 20, 43-450 Ustron"]
[Date "2011-07-01"]
[Round "7.3"]
[White "Snihur, Piotr"]
[Black "Khamidov, Komil"]
[Result "1/2-1/2"]
[WhiteTitle "I"]
[BlackTitle "I"]
[WhiteElo "1859"]
[BlackElo "2040"]

1. e4 c5 2. Nf3 e6 3. d4 cxd4 4. Nxd4 Nf6 5. Nc3 d6 6. Be3 a6 7. a4 b6 8. f4 Bb7
9. Bd3 Nbd7 10. O-O Be7 11. g4 Nc5 12. Qf3 d5 13. e5 Nfe4 14. Bxe4 Nxe4 15. Nxe4
dxe4 16. Qf2 Qc7 17. f5 O-O 18. f6 gxf6 19. exf6 Bc5 20. c3 Kh8 21. b4 Bd6 22.
Rac1 Rg8 23. g5 Rae8 24. Ne2 Rd8 25. Nd4 Qc4 26. Qe2 Qd5 27. h4 Bb8 28. Rcd1 Qd6
29. Qg2 Bd5 30. Kf2 Qd7 31. Ra1 Bc4 32. Rfd1 e5 33. Ne2 Qf5+ 34. Ke1 Qf3 35. Qf2
Bxe2 36. Qxe2 Qh1+ 37. Qf1 Qxh4+ 38. Qf2 Qh1+ 39. Ke2 Qh5+ 40. Ke1 Rd3 41. Rxd3
exd3 42. Kd2 e4 43. Qg2 1/2-1/2

[Event "Druzynowe Mistrzostwa Polski Juniorow - Ekstraliga"]
[Site "Osrodek Wczasowo - Szkoleniowy "Relax" ul. Stroma 20, 43-450 Ustron"]
[Date "2011-07-01"]
[Round "7.4"]
[White "Kulas, Szymon"]
[Black "Mirski, Michal"]
[Result "1-0"]
[WhiteTitle "I"]
[BlackTitle "II+"]
[WhiteElo "1945"]
[BlackElo "1787"]

1. e4 c5 2. Nf3 Nf6 3. Nc3 Nc6 4. d4 d5 5. exd5 Nxd5 6. Bc4 Nxc3 7. bxc3 e6 8.
O-O Be7 9. Bf4 O-O 10. Bd3 Qb6 11. Re1 Rd8 12. Rb1 Qa5 13. Re3 Qxa2 14. Rc1 g6
15. h4 Qd5 16. Be2 cxd4 17. cxd4 Nxd4 18. Rd3 Nxe2+ 19. Qxe2 Qa5 20. Rcd1 Rxd3
21. Rxd3 Qb6 22. h5 a5 23. hxg6 hxg6 24. Ne5 Bf6 25. Qg4 Kg7 26. Qh3 Kg8 27. Qh6
Bg7 28. Qh4 f6 29. Nxg6 e5 30. Ne7+ Kf8 31. Nxc8 Rxc8 32. Bh6 Qe6 33. Bxg7+ Kxg7
34. Rg3+ Kf8 35. Qh7 Re8 36. Qg7+ 1-0

[Event "Druzynowe Mistrzostwa Polski Juniorow - Ekstraliga"]
[Site "Osrodek Wczasowo - Szkoleniowy "Relax" ul. Stroma 20, 43-450 Ustron"]
[Date "2011-07-01"]
[Round "7.5"]
[White "Mucha, Magdalena"]
[Black "Iwanow, Anna"]
[Result "1/2-1/2"]
[WhiteTitle "WCM"]
[BlackTitle "WFM"]
[WhiteElo "1835"]
[BlackElo "2162"]

1. d4 g6 2. c4 Bg7 3. Nc3 c5 4. d5 Bxc3+ 5. bxc3 f5 6. Nf3 Qa5 7. Qc2 Nf6 8. Bf4
d6 9. e3 Nbd7 10. Nd2 Nb6 11. Bd3 Bd7 12. O-O O-O-O 13. Bg5 Rhf8 14. f3 Rde8 15.
e4 Kb8 16. Rfe1 fxe4 17. fxe4 Ng4 18. Nf3 Ba4 19. Qd2 Nd7 20. Bf4 Rxf4 21. Qxf4
Nge5 22. Nxe5 Nxe5 23. Qd2 Bd7 24. Bf1 h5 25. Rab1 Qa4 26. Qb2 b6 27. Qb3 Rf8
28. Rb2 Kc7 29. Rf2 Rxf2 30. Kxf2 Qa6 31. Qc2 Qc8 32. Kg1 Qf8 33. Qd2 Bc8 34.
a4 Qe8 35. a5 bxa5 36. Rb1 Qd7 37. Rb5 a6 38. Rxa5 Kd8 39. Ra2 Qe8 40. Qf4 Qf7
41. Qd2 Qe8 42. Qb2 Qd7 43. Qf2 Qe8 1/2-1/2

[Event "Druzynowe Mistrzostwa Polski Juniorow - Ekstraliga"]
[Site "Osrodek Wczasowo - Szkoleniowy "Relax" ul. Stroma 20, 43-450 Ustron"]
[Date "2011-07-01"]
[Round "7.7"]
[White "Dowgird, Filip"]
[Black "Strzemiecki, Zbigniew"]
[Result "1-0"]
[WhiteTitle "k"]
[BlackTitle "FM"]
[WhiteElo "2110"]
[BlackElo "2422"]

1. e4 e5 2. Nf3 Nc6 3. Bb5 a6 4. Bxc6 dxc6 5. d4 exd4 6. Qxd4 Qxd4 7. Nxd4 c5 8.
Ne2 Bd7 9. Nbc3 O-O-O 10. Bf4 Ne7 11. O-O-O f5 12. e5 Ng6 13. Bg3 Re8 14. f4 Bc6
15. Nd5 Be7 16. h4 Nf8 17. h5 Ne6 18. Bh4 Bxh4 19. Rxh4 b5 20. Rd2 Kb7 21. g3
Rd8 22. Ne3 Rxd2 23. Kxd2 Rd8+ 24. Kc1 Be4 25. Nc3 Bf3 26. Rh2 Nd4 27. b3 Kc6
28. Kb2 h6 29. Nb1 b4 30. Nd2 Bd5 31. a4 bxa3+ 32. Kxa3 Be6 33. Kb2 a5 34. Ndc4
a4 35. bxa4 Rb8+ 36. Kc1 Ra8 37. Nb2 c4 38. c3 Nb3+ 39. Kc2 Nc5 40. Rh1 Ne4 41.
Rg1 Kc5 42. g4 Rf8 43. gxf5 Bxf5 44. Rxg7 c6 45. Nbd1 Bh3 46. a5 Bc8 47. a6 Bxa6
48. f5 Bb5 49. Rg4 Ng5 50. Nf2 Nf3 51. Ne4+ Kb6 52. e6 Ra8 53. Kd1 Ne5 54. Rg2
Ra1+ 55. Ke2 Nd3 56. Rg7 Ra2+ 57. Kf1 Ra1+ 58. Kg2 Re1 59. e7 c5 60. Nxc4+ Bxc4
61. e8=Q Re2+ 62. Kf1 Re1+ 63. Kg2 Re2+ 64. Kg3 Re3+ 65. Kh4 1-0

[Event "Druzynowe Mistrzostwa Polski Juniorow - Ekstraliga"]
[Site "Osrodek Wczasowo - Szkoleniowy "Relax" ul. Stroma 20, 43-450 Ustron"]
[Date "2011-07-01"]
[Round "7.8"]
[White "Krzyzanowski, Marcin"]
[Black "Mondrzycki, Bartlomiej"]
[Result "1-0"]
[WhiteTitle "m"]
[BlackTitle "I"]
[WhiteElo "2370"]
[BlackElo "2048"]

1. e4 c5 2. Nf3 Nc6 3. d4 cxd4 4. Nxd4 Nf6 5. Nc3 e5 6. Ndb5 d6 7. Bg5 a6 8. Na3
b5 9. Bxf6 gxf6 10. Nd5 Bg7 11. c3 f5 12. Bd3 Be6 13. Nxb5 axb5 14. Bxb5 Bd7 15.
exf5 O-O 16. O-O Rb8 17. a4 f6 18. b4 Kh8 19. Qd3 Ne7 20. Bxd7 Nxd5 21. Qxd5 Qxd7
22. Rfd1 Rfd8 23. a5 Qa7 24. b5 Rd7 25. b6 Qa6 26. c4 Rc8 27. Qb5 Qxb5 28. cxb5
Rb7 29. Rdc1 Ra8 30. Rc6 Bf8 31. a6 Be7 32. Rc8+ 1-0

[Event "Druzynowe Mistrzostwa Polski Juniorow - Ekstraliga"]
[Site "Osrodek Wczasowo - Szkoleniowy "Relax" ul. Stroma 20, 43-450 Ustron"]
[Date "2011-07-01"]
[Round "7.9"]
[White "Piotrowski, Przemyslaw"]
[Black "Jarmula, Lukasz"]
[Result "1-0"]
[WhiteTitle "II+"]
[BlackTitle "I+"]
[WhiteElo "1953"]
[BlackElo "1871"]

1. e4 c5 2. Nf3 d6 3. c3 Nf6 4. h3 Nbd7 5. Bd3 b6 6. Bc2 Bb7 7. Qe2 Qc7 8. O-O
Rc8 9. a4 c4 10. Nd4 e5 11. Nb5 Qb8 12. f3 Nh5 13. Qe3 Ng3 14. Rf2 h5 15. b4 cxb3
16. Bxb3 Nc5 17. Ba2 g6 18. Qg5 h4 19. d4 Be7 20. Qd2 Nd7 21. Ba3 a6 22. dxe5
axb5 23. exd6 Bf6 24. axb5 O-O 25. Qh6 Bg7 26. Qxh4 Nh5 27. Qe7 Nhf6 28. e5 Rce8
29. exf6 Rxe7 30. dxe7 Re8 31. fxg7 Nc5 32. Bxc5 bxc5 33. Re2 Qd6 34. Nd2 Rxe7
35. Nc4 Qf6 36. Rxe7 Qxe7 37. Rd1 Kxg7 38. Kf1 Qf6 39. Rd3 Qf5 40. Ke2 Qf4 41.
Nd6 Bxf3+ 42. Rxf3 Qxd6 43. Bxf7 Qe7+ 44. Kd3 Kh6 45. Kc4 Qe2+ 46. Kxc5 Qxg2 47.
Bd5 Qg1+ 48. Kc6 Qa7 49. b6 Qa4+ 50. Kc7 Qa5 51. c4 Qc5+ 52. Bc6 Qe7+ 53. Kb8
Qc5 54. Kb7 Qe7+ 55. Ka6 Qd6 56. Bb5 Qd1 57. Ra3 Qd8 58. Ka5 Qd2+ 59. Ka6 Qd8
60. Bc6 Qd6 61. Ra5 Qxc6 62. c5 Kg5 63. Ka7 Kh4 64. b7 Qc7 65. Rb5 Kxh3 66. Rb6
g5 67. Ka8 Qxc5 68. Rb3+ Kg4 69. b8=Q Qd5+ 70. Ka7 Qa5+ 71. Kb7 Qd5+ 72. Ka6 Qc6+
73. Ka5 Qc5+ 74. Ka4 Qc6+ 75. Kb4 Qe4+ 76. Ka3 Qe7+ 77. Rb4+ Kf5 78. Qc8+ Kg6
79. Qc2+ Kh5 80. Qh2+ Kg6 81. Qg3 Kh6 82. Qh3+ Kg6 83. Kb3 Qf7+ 84. Rc4 Qd5 85.
Qg4 Qb5+ 86. Kc2 Kh6 87. Qh3+ Kg7 88. Rc7+ Kf6 89. Qf3+ Ke5 90. Re7+ Kd6 91. Qf6+
1-0

[Event "Druzynowe Mistrzostwa Polski Juniorow - Ekstraliga"]
[Site "Osrodek Wczasowo - Szkoleniowy "Relax" ul. Stroma 20, 43-450 Ustron"]
[Date "2011-07-01"]
[Round "7.10"]
[White "Maciejewski, Andrzej"]
[Black "Gajdamowicz, Patrick"]
[Result "1-0"]
[WhiteTitle "I"]
[BlackTitle "I"]
[WhiteElo "1747"]
[BlackElo "1869"]

1. e4 e5 2. Nf3 Nc6 3. Bb5 a6 4. Ba4 b5 5. Bb3 Bc5 6. O-O Nf6 7. Re1 d6 8. c3 Bb7
9. d4 Bb6 10. Bg5 Qd7 11. a4 O-O-O 12. Qd3 Na5 13. Bc2 h6 14. Bxf6 gxf6 15. Nbd2
Rhg8 16. b4 Nc4 17. Nxc4 bxc4 18. Qf1 Qg4 19. Re3 f5 20. h3 Qh5 21. Bd1 Bxe4 22.
Nxe5 Qg5 23. Rg3 Qxg3 24. fxg3 dxe5 25. Qxc4 exd4 26. a5 Ba7 27. Qxa6+ Kb8 28.
Qb5+ Ka8 29. Bf3 dxc3+ 30. Kh1 Rd6 31. Qc4 Bxf3 32. gxf3 Kb7 33. a6+ Kc8 34. Re1
Rgd8 35. Qxc3 Rxa6 36. Rc1 Rd7 37. Qc2 Rf6 38. h4 Bb6 39. Re1 Rd4 40. b5 Rd5 41.
Qa4 Rd8 42. Qa8+ Kd7 43. Rd1+ Rd6 44. Rxd6+ cxd6 45. Qc6+ Ke6 46. Qxb6 Rc8 47.
Qa6 Rc3 48. b6 Rxf3 49. Qe2+ 1-0

[Event "Druzynowe Mistrzostwa Polski Juniorow - Ekstraliga"]
[Site "Osrodek Wczasowo - Szkoleniowy "Relax" ul. Stroma 20, 43-450 Ustron"]
[Date "2011-07-01"]
[Round "7.11"]
[White "Chenska, Karolina"]
[Black "Gluszko, Monika"]
[Result "0-1"]
[WhiteTitle "I"]
[BlackTitle "I++"]
[WhiteElo "1662"]
[BlackElo "2040"]

1. e4 c5 2. Nf3 e6 3. d4 cxd4 4. Nxd4 a6 5. Nc3 b5 6. Be3 Bb7 7. a3 d6 8. Be2 Nf6
9. f3 Be7 10. O-O Nbd7 11. Qe1 O-O 12. Qg3 Re8 13. Rad1 Rc8 14. Bd3 Qc7 15. Rde1
Nb6 16. f4 Nc4 17. Bc1 Qc5 18. Nce2 Nxe4 19. Bxe4 Bxe4 20. Kh1 Bg6 21. c3 Bf6
22. Nb3 Qc7 23. Nd2 Qd7 24. Ng1 Nxd2 25. Bxd2 e5 26. Nf3 e4 27. Nh4 Rc5 28. Nxg6
hxg6 29. Be3 Rh5 30. Rd1 Bh4 31. Qh3 Qxh3 32. gxh3 Be7 33. Kg2 f6 34. Rd2 Kf7
35. Rfd1 Reh8 36. Rd4 Rxh3 37. Bg1 f5 38. a4 Rf3 39. axb5 axb5 40. Rf1 Rxf1 41.
Kxf1 Rb8 42. Be3 Ke6 43. Kg2 d5 44. Rd2 Bf6 45. h3 b4 46. Bd4 Bxd4 47. cxd4 Rc8
48. Kf2 Rc1 49. Kg2 b3 50. Kf2 g5 51. fxg5 f4 52. Re2 Kf5 0-1

[Event "Druzynowe Mistrzostwa Polski Juniorow - Ekstraliga"]
[Site "Osrodek Wczasowo - Szkoleniowy "Relax" ul. Stroma 20, 43-450 Ustron"]
[Date "2011-07-01"]
[Round "7.12"]
[White "Pastuszko, Kinga"]
[Black "Lachowicz, Judyta"]
[Result "0-1"]
[WhiteTitle "I++"]
[BlackTitle "I"]
[WhiteElo "1862"]
[BlackElo "1695"]

1. e4 e5 2. Nf3 Nc6 3. Bc4 Nf6 4. d4 exd4 5. e5 d5 6. Bb5 Ne4 7. Nxd4 Bc5 8. O-O
O-O 9. Be3 Nxe5 10. Qh5 Bg4 11. Qxe5 Bd6 12. Ne6 fxe6 13. Qd4 a6 14. Bc4 c5 15.
Qd3 Bf5 16. Bxd5 exd5 17. Qxd5+ Rf7 18. Rd1 Qh4 19. g3 Qh3 20. Nc3 Nxc3 21. bxc3
Bg4 0-1

[Event "Druzynowe Mistrzostwa Polski Juniorow - Ekstraliga"]
[Site "Osrodek Wczasowo - Szkoleniowy "Relax" ul. Stroma 20, 43-450 Ustron"]
[Date "2011-07-01"]
[Round "7.13"]
[White "Klepaczka, Tomasz"]
[Black "Kanarek, Marcel"]
[Result "1/2-1/2"]
[WhiteTitle "I++"]
[BlackTitle "IM"]
[WhiteElo "2119"]
[BlackElo "2435"]

1. d4 Nf6 2. c4 g6 3. Nc3 Bg7 4. e4 d6 5. Nf3 O-O 6. Be2 Bg4 7. Bg5 Nfd7 8. Qd2
Bxf3 9. Bxf3 Nc6 10. Ne2 Qe8 11. h4 e5 12. h5 Nxd4 13. Nxd4 exd4 14. Bh6 Bxh6
15. Qxh6 Qe7 16. O-O-O g5 17. Bg4 Qf6 18. Qxf6 Nxf6 19. Bf5 c5 20. Rde1 Rae8 21.
Kd2 h6 22. b4 Re7 23. bxc5 dxc5 24. e5 Ne8 25. g3 Ng7 26. Be4 g4 27. Rh4 Rfe8
28. Bd5 Rxe5 29. Rxe5 Rxe5 30. Bxb7 Rg5 31. Bc8 f5 32. Rh1 Rxh5 33. Rb1 Rh2 34.
Ke2 f4 35. gxf4 g3 36. Kf3 gxf2 37. Rf1 Nh5 38. Bg4 Kf7 39. Bxh5+ Rxh5 40. Rxf2
Rh3+ 41. Ke4 Ke6 42. f5+ Kf6 43. Rg2 Rh4+ 44. Kd5 Kxf5 45. Rf2+ Rf4 46. Rh2 d3
47. Kxc5 Ke4 48. Kb4 Ke3 49. Kc3 d2 50. Rh3+ Rf3 51. Rh1 h5 52. Kc2 Ke2 53. Rh2+
Ke1 54. Rh1+ Ke2 55. Rh2+ Ke1 56. Rh1+ Rf1 57. Rxf1+ Kxf1 58. Kxd2 h4 59. c5 h3
60. c6 h2 61. c7 h1=Q 62. c8=Q Qg2+ 63. Kc1 Qxa2 64. Qf5+ Kg1 65. Qg6+ Kf2 66.
Qc2+ 1/2-1/2

[Event "Druzynowe Mistrzostwa Polski Juniorow - Ekstraliga"]
[Site "Osrodek Wczasowo - Szkoleniowy "Relax" ul. Stroma 20, 43-450 Ustron"]
[Date "2011-07-01"]
[Round "7.14"]
[White "Weichhold, Pawel"]
[Black "Budzinski, Jan"]
[Result "1-0"]
[WhiteTitle "k+"]
[BlackTitle "I"]
[WhiteElo "2285"]
[BlackElo "1960"]

1. e4 c5 2. Nf3 e6 3. d4 cxd4 4. Nxd4 Nc6 5. Nc3 Qc7 6. Be3 a6 7. Be2 Nf6 8. O-O
Bb4 9. Na4 Be7 10. Nxc6 dxc6 11. Bb6 Qe5 12. Bd4 Qc7 13. Nb6 Rb8 14. Nc4 Qd8 15.
Be5 Ra8 16. Qe1 O-O 17. Rd1 Nd7 18. Qc3 f6 19. Bd6 e5 20. Bg4 c5 21. Qh3 b5 22.
Bxe7 Qxe7 23. Nd6 Nb6 24. Nxc8 Nxc8 25. Rd7 Qe8 26. Rfd1 Nb6 27. Rb7 Rb8 28. Be6+
Kh8 29. Rc7 Rd8 30. Re1 Rd6 31. Bf5 h6 32. Qg4 Rg8 33. Re7 h5 34. Qg3 1-0

[Event "Druzynowe Mistrzostwa Polski Juniorow - Ekstraliga"]
[Site "Osrodek Wczasowo - Szkoleniowy "Relax" ul. Stroma 20, 43-450 Ustron"]
[Date "2011-07-01"]
[Round "7.15"]
[White "Osinski, Emil"]
[Black "Lebiedowicz, Borys"]
[Result "0-1"]
[WhiteTitle "II"]
[BlackTitle "II"]
[WhiteElo "1685"]
[BlackElo "1682"]

1. e4 e5 2. Nf3 Nc6 3. Bb5 a6 4. Ba4 Nge7 5. O-O d6 6. c3 g6 7. d4 b5 8. Bb3 exd4
9. cxd4 Bg7 10. Be3 O-O 11. h3 Na5 12. Nbd2 Nxb3 13. Qxb3 Kh8 14. Rac1 f5 15.
Bg5 h6 16. Bxe7 Qxe7 17. Rfe1 Qf7 18. Qxf7 Rxf7 19. exf5 Bxf5 20. g4 Bc8 21. Re8+
Kh7 22. Kg2 Bb7 23. Rxa8 Bxa8 24. Kg3 Bd5 25. a3 c6 26. b4 g5 27. Rc3 Rf4 28.
Rd3 Kg6 29. Nh4+ Kh7 30. Nf5 Bf6 31. f3 Be6 32. Nxd6 Rxd4 33. Rxd4 Bxd4 34. N6e4
Bb2 35. Nb1 Ba2 36. Ned2 Bxb1 37. Nxb1 Bc1 38. f4 gxf4+ 39. Kf3 Kg6 40. h4 Kf6
41. Ke4 Ke6 42. Nc3 Bxa3 43. Na2 f3 44. Kxf3 Ke5 45. Ke3 c5 46. g5 hxg5 47. hxg5
cxb4 48. g6 Kf6 49. Kd4 Bb2+ 50. Kc5 b3 51. g7 Kxg7 0-1

[Event "Druzynowe Mistrzostwa Polski Juniorow - Ekstraliga"]
[Site "Osrodek Wczasowo - Szkoleniowy "Relax" ul. Stroma 20, 43-450 Ustron"]
[Date "2011-07-01"]
[Round "7.16"]
[White "Januszkiewicz, Wojciech"]
[Black "Osinski, Kamil"]
[Result "1-0"]
[WhiteTitle "II"]
[BlackTitle "II+"]
[WhiteElo "1749"]
[BlackElo "1708"]

1. e4 c5 2. Nf3 e6 3. d4 cxd4 4. Nxd4 a6 5. Bd3 Qc7 6. Nc3 Bb4 7. O-O Nf6 8. Bd2
Nc6 9. Nb3 O-O 10. a3 Be7 11. f4 d6 12. Qf3 b5 13. g4 Bb7 14. g5 Nd7 15. Qh3 Rfd8
16. f5 exf5 17. Nd5 Qb8 18. exf5 f6 19. g6 hxg6 20. fxg6 Nf8 21. Rf4 Bc8 22. Qh5
f5 23. Bxf5 1-0

[Event "Druzynowe Mistrzostwa Polski Juniorow - Ekstraliga"]
[Site "Osrodek Wczasowo - Szkoleniowy "Relax" ul. Stroma 20, 43-450 Ustron"]
[Date "2011-07-01"]
[Round "7.17"]
[White "Tarnowska, Aleksandra"]
[Black "Adamowicz, Katarzyna"]
[Result "1/2-1/2"]
[WhiteTitle "I"]
[BlackTitle "WFM"]
[WhiteElo "1814"]
[BlackElo "2106"]

1. f4 d5 2. Nf3 c5 3. e3 Bg4 4. Be2 Bxf3 5. Bxf3 Nc6 6. O-O Nf6 7. b3 g6 8. Bb2
Bg7 9. d3 O-O 10. Nd2 Re8 11. Rb1 e5 12. fxe5 Nxe5 13. e4 d4 14. a4 a6 15. Nc4
Nfd7 16. Nxe5 Nxe5 17. Qd2 b5 18. axb5 axb5 19. Ra1 Qb6 20. Kh1 Rxa1 21. Rxa1
Nxf3 22. gxf3 c4 23. Qf2 Rb8 24. f4 c3 25. Bc1 f5 26. e5 h6 27. Qf1 Kh7 28. Ba3
Qb7+ 29. Kg1 b4 30. Bc1 Ra8 31. Rxa8 Qxa8 32. Qf2 Qa1 33. Qe1 Bf8 34. Kg2 Qb1
35. Qd1 Be7 36. Kg3 Kg7 37. h4 Kf7 38. Kh3 Ke6 39. Kg3 Kd7 40. Kh3 Kc7 41. Kg3
Kb6 42. Kh3 Kc5 43. Kg3 g5 44. fxg5 hxg5 45. h5 Bf8 46. e6 Kd5 47. Qf3+ Kxe6 48.
Bxg5 Qg1+ 49. Qg2 Qd1 50. Kh4 Qe1+ 51. Kh3 Qd1 52. Kh4 1/2-1/2

[Event "Druzynowe Mistrzostwa Polski Juniorow - Ekstraliga"]
[Site "Osrodek Wczasowo - Szkoleniowy "Relax" ul. Stroma 20, 43-450 Ustron"]
[Date "2011-07-01"]
[Round "7.18"]
[White "Czaplewska, Klara"]
[Black "Szymczak, Paula"]
[Result "1/2-1/2"]
[WhiteTitle "I"]
[BlackTitle "I"]
[WhiteElo "1586"]
[BlackElo "1705"]

1. e4 c5 2. Nf3 a6 3. c4 d6 4. d4 Bg4 5. d5 e5 6. Be2 Nd7 7. h3 Bxf3 8. Bxf3 Be7
9. Nc3 Ngf6 10. O-O Nb6 11. Be2 Qd7 12. f4 exf4 13. Bxf4 Rg8 14. e5 dxe5 15. Bxe5
h5 16. d6 Bf8 17. Bxf6 gxf6 18. Bxh5 Qxh3 19. Qe2+ Kd7 20. Bxf7 Bxd6 21. Qf3 Qh2+
22. Kf2 Qh4+ 23. Ke2 Rae8+ 24. Bxe8+ Rxe8+ 25. Kd1 Nxc4 26. Qxb7+ Kd8 27. Qa8+
Kd7 28. Qb7+ Kd8 29. Qa8+ Kd7 30. Qb7+ 1/2-1/2

[Event "Druzynowe Mistrzostwa Polski Juniorow - Ekstraliga"]
[Site "Osrodek Wczasowo - Szkoleniowy "Relax" ul. Stroma 20, 43-450 Ustron"]
[Date "2011-07-01"]
[Round "7.19"]
[White "Matuszewski, Michal"]
[Black "Dragun, Kamil"]
[Result "1/2-1/2"]
[WhiteTitle "m"]
[BlackTitle "IM"]
[WhiteElo "2319"]
[BlackElo "2420"]

1. d4 Nf6 2. c4 g6 3. Nc3 Bg7 4. e4 d6 5. f3 O-O 6. Be3 Nc6 7. Nge2 a6 8. Qd2 Rb8
9. Nc1 e5 10. d5 Nd4 11. Nb3 Nxb3 12. axb3 Nh5 13. g3 f5 14. Be2 Kh8 15. b4 Nf6
16. c5 fxe4 17. Nxe4 Nxe4 18. fxe4 Bh3 19. Rg1 Bd7 20. O-O-O Ba4 21. Rdf1 Qd7
22. Rxf8+ Rxf8 23. Rf1 Rxf1+ 24. Bxf1 Qg4 25. Bd3 Qf3 26. Qe2 Qh1+ 27. Kd2 h5
28. Kc3 Kh7 29. h4 Qa1 30. Qf1 Qxf1 31. Bxf1 1/2-1/2

[Event "Druzynowe Mistrzostwa Polski Juniorow - Ekstraliga"]
[Site "Osrodek Wczasowo - Szkoleniowy "Relax" ul. Stroma 20, 43-450 Ustron"]
[Date "2011-07-01"]
[Round "7.20"]
[White "Siwiec, Arkadiusz"]
[Black "Matuszczyk, Przemyslaw"]
[Result "1/2-1/2"]
[WhiteTitle "I++"]
[BlackTitle "I++"]
[WhiteElo "2123"]
[BlackElo "2032"]

1. e4 c6 2. d4 d5 3. Nc3 dxe4 4. Nxe4 Nf6 5. Nxf6+ exf6 6. c3 Bd6 7. Bd3 Be6 8.
Ne2 Qc7 9. Qc2 Nd7 10. Bd2 O-O-O 11. c4 c5 12. d5 Bg4 13. f3 Bh5 14. O-O-O Bg6
15. Nc3 a6 16. h3 Bxd3 17. Qxd3 Ne5 18. Qf1 f5 19. Re1 Rhe8 20. Nd1 Ng6 21. Nf2
Qd7 22. b3 Rxe1+ 23. Bxe1 Qe7 24. Nd3 Qf6 25. Kb1 Re8 26. Bf2 b6 27. Qd1 Qc3 28.
Be1 Qd4 29. Bf2 Qc3 30. Be1 Qd4 1/2-1/2

[Event "Druzynowe Mistrzostwa Polski Juniorow - Ekstraliga"]
[Site "Osrodek Wczasowo - Szkoleniowy "Relax" ul. Stroma 20, 43-450 Ustron"]
[Date "2011-07-01"]
[Round "7.21"]
[White "Cieslak, Patrycjusz"]
[Black "Koitka, Jakub"]
[Result "1/2-1/2"]
[WhiteTitle "II"]
[BlackTitle "I"]
[WhiteElo "1734"]
[BlackElo "1920"]

1. e4 e5 2. Nf3 Nc6 3. Bc4 Bc5 4. c3 Nf6 5. d4 exd4 6. cxd4 Bb4+ 7. Bd2 Bxd2+ 8.
Nbxd2 d5 9. exd5 Nxd5 10. O-O O-O 11. Ne5 Nce7 12. Qb3 c6 13. Ne4 Qb6 14. Rad1
Qxb3 15. Bxb3 Rd8 16. Rfe1 Bf5 17. Nc5 Rab8 18. a3 Kf8 19. h3 b6 20. Na4 f6 21.
Nf3 Nf4 22. Nc3 Rd6 23. Kh2 Rbd8 24. g4 Be6 25. Bc2 Bd5 26. Be4 Bb3 27. Rc1 Ne6
28. Ne2 Bd5 29. Bxd5 Nxd5 30. Kg3 Ndc7 31. Rc2 Nb5 32. Rec1 Nbxd4 33. Nexd4 Nxd4
34. Nxd4 Rxd4 35. Rxc6 Rd3+ 36. f3 Rd2 37. Rc7 R8d7 38. b4 R2d3 39. a4 Rxc7 40.
Rxc7 Rd4 41. Rxa7 Rxb4 42. h4 Kg8 43. g5 fxg5 44. hxg5 Rc4 45. f4 Rc5 46. Ra6
Ra5 47. Rxb6 Rxa4 48. f5 Ra8 49. Kf4 Re8 50. f6 gxf6 51. gxf6 Re1 52. Rb7 1/2-1/2

[Event "Druzynowe Mistrzostwa Polski Juniorow - Ekstraliga"]
[Site "Osrodek Wczasowo - Szkoleniowy "Relax" ul. Stroma 20, 43-450 Ustron"]
[Date "2011-07-01"]
[Round "7.22"]
[White "Delekta, Filip"]
[Black "Koziol, Kamil"]
[Result "1-0"]
[WhiteTitle "II+"]
[BlackTitle "II"]
[WhiteElo "1848"]
[BlackElo "1768"]

1. e4 c5 2. Nf3 Nc6 3. d4 cxd4 4. Nxd4 Nf6 5. Nc3 e6 6. Ndb5 Bb4 7. a3 Bxc3+ 8.
Nxc3 d5 9. exd5 exd5 10. Bf4 O-O 11. Be2 Re8 12. O-O a6 13. Bf3 Be6 14. Qd2 d4
15. Ne4 Nxe4 16. Bxe4 Bd5 17. Bd3 f6 18. Rfe1 Ne5 19. Bf1 Bc6 20. Rad1 Qd5 21.
Bxe5 fxe5 22. c3 Re6 23. f4 Rf8 24. Rxe5 Rxe5 25. fxe5 Qxe5 26. Qxd4 Qf5 27. Bc4+
Kh8 28. Rf1 Qc8 29. Rxf8+ Qxf8 30. Bd5 Bxd5 31. Qxd5 Qe7 32. h3 h6 33. Kf2 g5
34. Kf3 Kg7 35. Qe4 Qc7 36. h4 gxh4 37. Qg4+ Kh7 38. Qxh4 Qf7+ 39. Ke3 Qb3 40.
Qb4 Qf7 41. Qe4+ Kg7 42. c4 Qc7 43. Qf4 Qe7+ 44. Kd3 b5 45. Qd4+ Kf7 46. Qd5+
Kg7 47. cxb5 axb5 48. Qxb5 Qd6+ 49. Ke4 Qg6+ 50. Kf3 Qf7+ 51. Ke3 Qa7+ 52. Kd3
Qf2 53. Qb7+ Kg6 54. Qe4+ Kh5 55. Qf3+ Qxf3+ 56. gxf3 Kh4 57. b4 1-0

[Event "Druzynowe Mistrzostwa Polski Juniorow - Ekstraliga"]
[Site "Osrodek Wczasowo - Szkoleniowy "Relax" ul. Stroma 20, 43-450 Ustron"]
[Date "2011-07-01"]
[Round "7.23"]
[White "Krupa, Anna"]
[Black "Wisniowska, Klaudia"]
[Result "0-1"]
[WhiteTitle "I++"]
[BlackTitle "k"]
[WhiteElo "1899"]
[BlackElo "2022"]

1. d4 g6 2. Nf3 Bg7 3. c3 d6 4. Bg5 f5 5. e3 Nf6 6. Nbd2 O-O 7. Qb3+ Kh8 8. Be2
Nbd7 9. h4 Qe8 10. Bxf6 Bxf6 11. Ng5 e5 12. O-O-O a5 13. Qc4 c6 14. a3 d5 15.
Qb3 b5 16. Rde1 h6 17. dxe5 Nxe5 18. Ngf3 Rb8 19. Nxe5 Qxe5 20. Nf3 Qd6 21. Rd1
b4 22. axb4 axb4 23. c4 Qc5 24. Nd4 Re8 25. Kb1 Bd7 26. g3 Qa5 27. Rd2 c5 28.
Nf3 Ra8 29. Rhd1 Ba4 30. Qd3 Bxd1 0-1

[Event "Druzynowe Mistrzostwa Polski Juniorow - Ekstraliga"]
[Site "Osrodek Wczasowo - Szkoleniowy "Relax" ul. Stroma 20, 43-450 Ustron"]
[Date "2011-07-01"]
[Round "7.24"]
[White "Gora, Antonina"]
[Black "Konopacka, Martyna"]
[Result "1-0"]
[WhiteTitle "II+"]
[BlackTitle "II+"]
[WhiteElo "1667"]
[BlackElo "1646"]

1. e4 e5 2. Nf3 Nc6 3. Bc4 Nf6 4. d3 Bc5 5. c3 d6 6. Bb3 a6 7. Nbd2 O-O 8. O-O
Ba7 9. h3 Nh5 10. d4 Nf4 11. Nc4 Qf6 12. Bxf4 Qxf4 13. Re1 Re8 14. Ne3 Ne7 15.
Nf1 Ng6 16. Ng3 Nh4 17. Nxh4 Qxh4 18. Qf3 Be6 19. Nf5 Qg5 20. h4 Qf6 21. d5 Bxf5
22. exf5 Qxh4 23. g3 Qh3 24. Re4 Qh6 25. Kg2 Qf6 26. Rh1 h6 27. Reh4 Kf8 28. Qe4
Qg5 29. Rd1 Rac8 30. Rd3 Qe7 31. f6 Qxf6 32. Rf3 Qd8 33. Qh7 f6 34. Rg4 Re7 35.
Qh8+ Kf7 36. Rxg7+ 1-0